| 000 | 00654cam a22002172 4500 | ||
|---|---|---|---|
| 999 |
_c130388 _d130388 |
||
| 001 | 7707502 | ||
| 003 | ARRUPE | ||
| 005 | 20200312110507.0 | ||
| 008 | 901113s1958 sz 000 0 eng | ||
| 010 | _altf90009049 | ||
| 040 |
_aDLC _cDLC _dDLC |
||
| 050 | 0 | 0 |
_aBR65.A92 _bM169 |
| 100 | 1 |
_aMcNamara, Marie Aquinas. _949588 |
|
| 245 | 0 | 0 |
_aFriendship in Saint Augustine. _cMarie Aquinas mcNamara |
| 260 |
_aFribourg, _bUniversity Press, _c1958. |
||
| 300 |
_a231 p. _c24cm. |
||
| 440 |
_aStudia Friburgensia _n20 _949590 |
||
| 600 |
_aAugustine, st. _xFriendship _949589 |
||
| 906 |
_a0 _bcbc _cpremunv _du _encip _f19 _gy-gencatlg |
||
| 942 |
_2lcc _cMONOGRAPH |
||